| 000 | 00422cam a22001337a 4500 | ||
|---|---|---|---|
| 008 | 180718b1984 xxu||||| |||| 00| 0 eng d | ||
| 082 | _aK18x54 K527b | ||
| 100 | _aKhanna, K.K. | ||
| 245 |
_aBureaucratic blunder world: a behavioural profile of the Indian bureaucracy _cby K.K. Khanna |
||
| 260 |
_aDelhi _bNational _c1984 |
||
| 300 | _a175p. | ||
| 440 | _aNational's Management Series, no.3 | ||
| 650 | _aBureaucracy - India | ||
| 999 |
_c348046 _d348046 |
||